|
|
|
|
| LEADER |
01224nam a22003017a 4500 |
| 001 |
41439 |
| 003 |
BD-DhAAL |
| 008 |
230814t2000 nyu||||| |||| 00| 0 eng d |
| 020 |
|
|
|a 0022782281
|
| 020 |
|
|
|a 9780022782283
|
| 040 |
|
|
|a BD-DhAAL
|c BD-DhAAL
|
| 082 |
|
|
|a 550
|2 23
|
| 245 |
|
|
|a Ecosystems around the world /
|c Richard Moyer ... [et al.].
|
| 260 |
|
|
|a New York :
|b Mc Graw-Hill,
|c 2000.
|
| 300 |
|
|
|a vi, 481-576 pages :
|b color illustrations ;
|c 28 cm.
|
| 541 |
|
|
|a Donation from the Asia Foundation
|e 41439, 41440
|
| 650 |
|
|
|a Earth sciences.
|
| 700 |
|
|
|a Moyer, Richard.
|9 55346
|
| 700 |
|
|
|a Daniel, Lucy.
|9 55347
|
| 700 |
|
|
|a Hackett, Jay.
|9 55348
|
| 700 |
|
|
|a Baptiste, Prentice.
|9 55349
|
| 700 |
|
|
|a Stryker, Pamela.
|9 55350
|
| 700 |
|
|
|a Vasquez, Joanne.
|9 55351
|
| 852 |
|
|
|a Ayesha Abed Library
|c General Stacks
|
| 942 |
|
|
|2 ddc
|c BK
|
| 999 |
|
|
|c 46093
|d 46093
|
| 952 |
|
|
|0 0
|1 0
|2 ddc
|4 0
|6 550_000000000000000_ECO
|7 0
|9 74217
|a SCL
|b SCL
|c GEN
|d 2023-08-14
|e Donation from the Asia Foundation
|l 0
|o 550 ECO
|p 3020041439
|r 2023-08-14
|t 1
|w 2023-08-14
|y BK
|
| 952 |
|
|
|0 0
|1 0
|2 ddc
|4 0
|6 550_000000000000000_ECO
|7 0
|9 74218
|a SCL
|b SCL
|c GEN
|d 2023-08-14
|e Donation from the Asia Foundation
|l 0
|o 550 ECO
|p 3020041440
|r 2023-08-14
|t 2
|w 2023-08-14
|y BK
|